00277nam a2200097Ia 4500008004100000100002300041245004600064260004200110300000900152650001800161190216s9999||||xx |||||||||||||| ||und|| aKenneth Lillington 4aThe Fourth Windmill Book Of One Act Plays bHeinemann Educational Books Ltdc1967 a107p aEnglish Drama